Statistiques concernant Culture Générale - Série 1129

Cliquez ici pour prendre le quiz!

Statistiques générales

  • Ce quiz a été pris 75 fois
  • Le résultat moyen est 5 sur 10

Statistiques - réponses

QuestionRéponse% Correct
Quelle est la capitale de la Turquie ?Ankara
90%
Comment appelle-t-on la cabine qui permet à un électeur de préparer son bulletin de vote en toute confidentialité ?isoloir
88%
Quel mot désigne à la fois : la hauteur d'un corps humain et un des impôts perçus par un seigneur au Moyen Age ?taille
75%
Par quelle lettre Malcolm Little a-t-il changé son nom de famille, qu'il considérait comme un nom d'esclave ?X
72%
Dans quel sport l'Australien Ian Thorpe, surnommé "The Thorpedo", s'est-il illustré ?natation
58%
Dans les pays tropicaux, bras mort d'une rivière, d'un fleuve, rimant avec parigot ?marigot
36%
À quel écrivain, prénommé Jean, doit-on “Jean le bleu”, en 1932 ?Jean Giono
21%
Quel nom donne-t-on à une terre nouvellement défrichée ?essart
7%
Quel poème de Baudelaire a pour refrain : “Là, tout n'est qu'ordre et beauté, Luxe, calme et volupté.” ?L'Invitation au voyage
4%
Dépasser une embarcation sur une voie d'eau navigabletrémater
1%

Distribution des résultats

Percentile par nombre de réponses

% des personnes avec chaque résultat

Votre développement - résultats

Vous n’avez pas pris ce quiz